Discovering computers : Fundamentals
محفوظ في:
| المؤلف الرئيسي: | |
|---|---|
| التنسيق: | كتاب |
| اللغة: | Undetermined |
| منشور في: |
Boston, MA
Thomson Course Technology
2008
|
| الموضوعات: | |
| الوسوم: |
إضافة وسم
لا توجد وسوم, كن أول من يضع وسما على هذه التسجيلة!
|
| Thư viện lưu trữ: | Trung tâm Học liệu Trường Đại học Cần Thơ |
|---|
| LEADER | 00601nam a2200205Ia 4500 | ||
|---|---|---|---|
| 001 | CTU_128554 | ||
| 008 | 210402s9999 xx 000 0 und d | ||
| 020 | |c 1077000 | ||
| 082 | |a 004.678 | ||
| 082 | |b S545 | ||
| 100 | |a Shelly, Gary B. | ||
| 245 | 0 | |a Discovering computers : | |
| 245 | 0 | |b Fundamentals | |
| 245 | 0 | |c Gary B. Shelley, Thomas J. Cashman and Misty E. Vermaat | |
| 260 | |a Boston, MA | ||
| 260 | |b Thomson Course Technology | ||
| 260 | |c 2008 | ||
| 650 | |a Computer science.,Computer networks.,Internet. | ||
| 904 | |i Minh | ||
| 980 | |a Trung tâm Học liệu Trường Đại học Cần Thơ | ||